000 01011cam a22003253a 4500
001 19112
003 PGUSA
005 20140828083415.0
008 060824s2006||||xxu|||||s|||||000 1 eng d
040 _aPGUSA
_beng
042 _adc
050 4 _aPR
100 1 _aThackeray, William Makepeace,
_d1811-1863
245 1 0 _aLa foire aux vanités, Tome I
_h[electronic resource] /
_cWilliam Makepeace Thackeray
260 _bProject Gutenberg,
_c2006
506 _aPublic domain in the USA.
516 _aElectronic text
653 _aMarried women -- Fiction
653 _aFemale friendship -- Fiction
653 _aWaterloo, Battle of, Waterloo, Belgium, 1815 -- Fiction
653 _aSocial classes -- Fiction
653 _aEngland -- Fiction
653 _aSatire
653 _aBritish -- Europe -- Fiction
700 1 _aGuiffrey, Georges,
_d1827-1887
740 0 _aVanity Fair. French
830 0 _aProject Gutenberg
_v19112
856 4 0 _uhttp://www.gutenberg.org/ebooks/19112
942 _cEB
999 _c248367
_d248367